Statistics for DBZ FANS ONLY

Click here to take the quiz!

General Stats

  • This quiz has been taken 97 times
  • The average score is 3 of 8

Answer Stats

MAKE EASY THINGGUESS THING% Correct
This form disgust me Who said it in dbzVegeta
81%
The most memed person in dbzYamcha
64%
KK what does that stand forKaioken
53%
The best dbz game in my opinion (Do not put dbz or dragon ball z) MobileDokkan
29%
The second best console game for dbzKakarot
22%
The other person in #1's memeSaibaman
16%
The most forgotten fusion that was wantedGokhan
14%
A form that akira toriyama forgot about its canonSSJ grade 2
4%

Score Distribution

Percentile by Number Answered

Percent of People with Each Score

Your Score History

You have not taken this quiz